000 00312nam a22001337a 4500
008 181017b xxu||||| |||| 00| 0 eng d
020 _a9780534644222
041 _aeng
080 _210 ED
_a531
100 _a43
101 _aFIZ
245 _aIntroduction Physical Antropology
_cJurmain.R
942 _2udc
_cBK
999 _c50074
_d50074